Szczegóły MARC21

Ze Stargardu nad Iną do Nowego Warpna : puszcze, osady, miasta /

003 -Nazwa inst., której nr kontr. jest w polu 001 [,]
    • @
    • Nazwa instytucji, której n kontrolny jest w polu 001
    • NUKAT
005 -DATA I CZAS OSTATNIEJ MODYFIKACJI [,]
    • @
    • pole kontrolne
    • 20241231090347.0
020 -Międzynarod. znormalizowany nr książki - ISBN [ , ]
    • a
    • Numer ISBN
    • 8389402416 Find
040 -Instytucja sporządzająca opis [ , ]
    • a
    • Instytucja, która sporządziła opis (NP)
    • SZCZ M/MK
    • c
    • Instytucja, która sporządziła rekord (NP)
    • SZCZ M/MK
942 -Rodzaj dokumentu [ , ]
    • c
    • Rodzaj dokumentu
    • Książka
245 -Strefa tytułu i oznaczenia odpowiedzialności [0,0]
    • a
    • Tytuł
    • Ze Stargardu nad Iną do Nowego Warpna : Find
    • b
    • Ciąg dalszy tytułu (NP)
    • puszcze, osady, miasta / Find
    • c
    • Pozostałe elementy strefy tytułu i oznaczenia odpowiedzialności (NP)
    • [aut.] Kazimiera Kalina-Skwirzyńska [et al.] ; projekt tras i red. nauk. Aleksandra Stachak ; fot. autorzy oraz Marek Czasnojć [et al.].
260 -Strefa adresu wydawniczego [ , ]
    • a
    • Miejsce wydania (P)
    • Szczecin :
    • b
    • Nazwa wydawcy (P)
    • Oficyna In Plus,
    • c
    • Data wydania (P)
    • 2006.
300 -Strefa opisu fizycznego [ , ]
    • a
    • Określenie formy książki i/lub objętość (NP)
    • 271 s. :
    • b
    • Oznaczenie ilustracji (NP)
    • il. kolor.
    • c
    • Format (NP)
    • 30 cm.
336 -Typ zawartości [ , ]
    • a
    • Termin opisujący typ zawartości
    • Tekst
    • b
    • Kod określający zawartość
    • txt
    • 2
    • Źródło (terminu i kodu)
    • rdacontent
337 -Typ mediów [ , ]
    • a
    • Tryb odtwarzania
    • Bez urządzenia pośredniczącego
    • b
    • Kod typu mediów
    • n
    • 2
    • Źródło (terminu i kodu)
    • rdamedia
338 -Typ/rodzaj nośnika [ , ]
    • a
    • Hasło opisujące typ nośnika
    • Wolumin
    • b
    • Kod typu nośnika
    • nc
    • 2
    • Źródło (terminu i kodu)
    • rdacarrier
490 -Strefa serii i książki wielotomowej - forma nie do wyszukiwania [1, ]
    • a
    • Tytuł (P)
    • Okolice, Tajemnice, Szlaki... Find
830 -Hasło dodatkowe serii i opisu książki wielotomowej - tytuł ujednolicony/tytuł [ ,0]
    • a
    • Tytuł ujednolicony/tytuł (NP)
    • Okolice, Tajemnice, Szlaki...
    • 9
    • KHW
    • 22390
500 -Uwaga ogólna [ , ]
    • a
    • Uwaga ogólna (NP)
    • Na okł. podtyt.: Pomorze Zachodnie.
504 -Uwaga dot. bibliogr. załącznikowej [ , ]
    • a
    • Uwaga dot. bibliografii załącznikowej
    • Bibliogr. s. 268. Indeksy.
080 -Uniwersalna Klasyfikacja Dziesiętna [ , ]
    • 2
    • Identyfikator wydania tablic
    • UDC-P022
    • a
    • Symbol klasyfikacji
    • 913(438)
    • b
    • Dopowiedzenie
    • Geografia Polski.
    • x
    • Poddział wspólny
    • (02.025.2)
    • b
    • Dopowiedzenie
    • (Książki bogato ilustrowane).
980 -Symbol UKD [ , ]
    • a
    • UKD
    • 913(438)(02.025.2)Pomorze Zachodnie
700 -Hasło dodatkowe - nazwa osobowa [1, ]
    • a
    • Nazwa osobowa (NP)
    • Kalita-Skwirzyńska, Kazimiera Find
    • d
    • Daty biograficzne (NP)
    • (1945- ).
    • 9
    • KHW
    • 42588
700 -Hasło dodatkowe - nazwa osobowa [1, ]
    • a
    • Nazwa osobowa (NP)
    • Stachak, Aleksandra. Find
    • e
    • Określenie rodzaju współpracy
    • Red.
    • 9
    • KHW
    • 7840
700 -Hasło dodatkowe - nazwa osobowa [1, ]
    • a
    • Nazwa osobowa (NP)
    • Czasnojć, Marek Find
    • d
    • Daty biograficzne (NP)
    • (1942- ).
    • e
    • Określenie rodzaju współpracy
    • Fot.
    • 9
    • KHW
    • 39452
920 -ISBN [ , ]
    • a
    • ISBN
    • 83-89402-41-6 Find
Sygnatura Numer inwentarzowy Status udost. Data inwentaryzacji Lokalizacja
 Z.10698312006-11-02BG
Przewodniki - Pomorze 33WF.797912007-02-02BM